Clique na Região Brasileira Correta - Statistics

Estatísticas Gerais
  • Esse quiz foi jogado 72 vezes
  • A pontuação média é 15 de 18
Estatísticas das Respostas
Hint Resposta % Correto
Contém a maior parte da Floresta Amazônica no Brasil 1. Norte
98%
Onde Salvador, a primeira capital brasileira, está localizada 2. Nordeste
98%
Onde São Paulo e Rio de Janeiro estão localizados 4. Sudeste
98%
Onde Brasília está localizada 3. Centro-Oeste
90%
Possui a maior população 4. Sudeste
90%
Tem a maior chance de ocorrência de neve 5. Sul
90%
Possui a maior área 1. Norte
88%
Tem o maior número de descendentes de alemães 5. Sul
88%
Possui a maior economia 4. Sudeste
87%
Possui a menor temperatura média anual 5. Sul
87%
Possui a maior população indígena 1. Norte
85%
Contém o lado brasileiro das Cataratas do Iguaçu 5. Sul
85%
Possui o maior valor bruto da produção agropecuária 3. Centro-Oeste
83%
Primeiro local onde os portugueses chegaram no Brasil 2. Nordeste
82%
Contém o Pantanal, maior planície alagada do mundo 3. Centro-Oeste
80%
É grande parte coberta pelo bioma semiárido 2. Nordeste
75%
Foi ocupada pelos holandeses no século XVII 2. Nordeste
68%
Possui a menor população 3. Centro-Oeste
27%
Nenhum quiz correspondente encontrado
Distribuição das Pontuações
Porcentagem de Pessoas com Cada Pontuação
Percentil de Números Respondidos
Sua Pontuação Histórica
Você não jogou esse quiz